| 000 -LEADER |
| fixed length control field |
00806cam a2200229 a 4500 |
| 003 - CONTROL NUMBER IDENTIFIER |
| control field |
OSt |
| 005 - DATE AND TIME OF LATEST TRANSACTION |
| control field |
20200316113324.0 |
| 008 - FIXED-LENGTH DATA ELEMENTS--GENERAL INFORMATION |
| fixed length control field |
050607s2005 enkab f b 001 0 eng d |
| 020 ## - INTERNATIONAL STANDARD BOOK NUMBER |
| International Standard Book Number |
076197041X (hbk.) |
| 040 ## - CATALOGING SOURCE |
| Original cataloging agency |
UKM |
| Transcribing agency |
UKM |
| Modifying agency |
C#P |
| -- |
INU |
| -- |
DLC |
| 082 04 - DEWEY DECIMAL CLASSIFICATION NUMBER |
| Classification number |
307.76 |
| Edition number |
22 |
| Item number |
PIL |
| 100 1# - MAIN ENTRY--PERSONAL NAME |
| Personal name |
Pile, Steve, |
| Dates associated with a name |
1961- |
| 245 10 - TITLE STATEMENT |
| Title |
Real cities : |
| Remainder of title |
modernity, space, and the phantasmagorias of city life / |
| Statement of responsibility, etc |
Steve Pile. |
| 260 ## - PUBLICATION, DISTRIBUTION, ETC. (IMPRINT) |
| Place of publication, distribution, etc |
London ; |
| -- |
Thousand Oaks, Calif. : |
| Name of publisher, distributor, etc |
SAGE, |
| Date of publication, distribution, etc |
2005. |
| 300 ## - PHYSICAL DESCRIPTION |
| Extent |
xi, 216 p. : |
| Other physical details |
ill., map ; |
| Dimensions |
25 cm. |
| 504 ## - BIBLIOGRAPHY, ETC. NOTE |
| Bibliography, etc |
Includes bibliographical references (p. [197]-210) and index. |
| 650 #0 - SUBJECT ADDED ENTRY--TOPICAL TERM |
| Topical term or geographic name as entry element |
City and town life |
| General subdivision |
Psychological aspects. |
| 650 #0 - SUBJECT ADDED ENTRY--TOPICAL TERM |
| Topical term or geographic name as entry element |
Psychoanalysis and human geography. |
| 650 #0 - SUBJECT ADDED ENTRY--TOPICAL TERM |
| Topical term or geographic name as entry element |
Personal space. |
| 906 ## - LOCAL DATA ELEMENT F, LDF (RLIN) |
| a |
7 |
| b |
cbc |
| c |
copycat |
| d |
2 |
| e |
epcn |
| f |
20 |
| g |
y-gencatlg |
| 942 ## - ADDED ENTRY ELEMENTS (KOHA) |
| Source of classification or shelving scheme |
|